000 00567nam a2200229Ia 4500
003 0100
008 130307s9999 xx 000 0 und d
020 _a0896226727
040 _cARRUPELIB
050 _aBT610.C83 1996
100 _aCoyle, Kathleen (Kathleen T.)
245 _aMary in the Christian tradition
245 _bfrom a contemporary perspective
250 _aRev., North American ed.
260 _aLeominster
260 _bGracewing
260 _c1996.
300 _aix
300 _b132 p. 23 cm.
650 _aCHURCH HISTORY
942 0 0 _02
999 _c97446
_d97446